ILLUSTRATED DENTAL DICTIONARY (Record no. 3062)
[ view plain ]
| 000 -LEADER | |
|---|---|
| fixed length control field | 00340nam a2200145Ia 4500 |
| 008 - FIXED-LENGTH DATA ELEMENTS--GENERAL INFORMATION | |
| fixed length control field | 150201s2004 xx 000 0 und d |
| 082 ## - DEWEY DECIMAL CLASSIFICATION NUMBER | |
| Classification number | 603 |
| Item number | I2004G |
| 100 ## - MAIN ENTRY--PERSONAL NAME | |
| Personal name | GUPTA & GUPTA |
| 245 ## - TITLE STATEMENT | |
| Title | ILLUSTRATED DENTAL DICTIONARY |
| 250 ## - EDITION STATEMENT | |
| Edition statement | 1ST |
| 260 ## - PUBLICATION, DISTRIBUTION, ETC. (IMPRINT) | |
| Name of publisher, distributor, etc. | AITBS |
| Place of publication, distribution, etc. | DELHI |
| Date of publication, distribution, etc. | 2004 |
| 300 ## - PHYSICAL DESCRIPTION | |
| Extent | 1-474 |
| 650 ## - SUBJECT ADDED ENTRY--TOPICAL TERM | |
| Topical term or geographic name as entry element | DICTIONARIES |
| 942 ## - ADDED ENTRY ELEMENTS (KOHA) | |
| Source of classification or shelving scheme | Dewey Decimal Classification |
| Koha item type | Books |
| Withdrawn status | Lost status | Source of classification or shelving scheme | Damaged status | Not for loan | Home library | Current library | Date acquired | Source of acquisition | Cost, normal purchase price | Serial Enumeration / chronology | SGTU | Bill Number | Total Checkouts | Full call number | Barcode | Date last seen | Bill Date | Koha item type | Date last checked out |
|---|---|---|---|---|---|---|---|---|---|---|---|---|---|---|---|---|---|---|---|
| Dewey Decimal Classification | SGT Dental Library | SGT Dental Library | 03/07/2004 | U.B.S.DELHI | 195.00 | 1 | SGTU | 268 | 603 I2004G | FD2775 | 09/02/2015 | 29/03/2012 | Books | ||||||
| Dewey Decimal Classification | SGT Dental Library | SGT Dental Library | 03/07/2004 | U.B.S.DELHI | 195.00 | 1 | SGTU | 268 | 1 | 603 I2004G | FD2776 | 15/05/2026 | 29/03/2012 | Books | 24/04/2026 | ||||
| Dewey Decimal Classification | SGT Dental Library | SGT Dental Library | 03/07/2004 | U.B.S.DELHI | 195.00 | 1 | SGTU | 268 | 603 I2004G | FD2777 | 09/02/2015 | 29/03/2012 | Books | ||||||
| Dewey Decimal Classification | SGT Dental Library | SGT Dental Library | 03/07/2004 | U.B.S.DELHI | 195.00 | 1 | SGTU | 268 | 603 I2004G | FD2778 | 09/02/2015 | 29/03/2012 | Books | ||||||
| Dewey Decimal Classification | SGT Dental Library | SGT Dental Library | 03/07/2004 | U.B.S.DELHI | 195.00 | 1 | SGTU | 268 | 603 I2004G | FD2779 | 09/02/2015 | 29/03/2012 | Books |